000 00308nam a22001337a 4500
008 170727b xxu||||| |||| 00| 0 eng d
020 _a9780073515359
041 _aeng
080 _28TH
_a004
100 _a31
101 _aSHK
245 _aSCIENCE,TECHINOLOGY, AND SOCIETY
_cEASTON,TH.A
942 _2udc
_cBK
999 _c22025
_d22025